NHL - Les 32 franchises de la NHL/LNH - Statistiques

Statistiques générales
  • Ce quiz a été pris 192 fois
  • Le résultat moyen est 24 sur 32
Statistiques - réponses
Rang non significatif Franchise NHL % Correct
11 Montreal Canadiens
97%
1 Toronto Maple Leafs
89%
22 Edmonton Oilers
87%
19 Boston Bruins
85%
23 New York Rangers
84%
9 Carolina Hurricanes
83%
15 Colorado Avalanche
82%
13 Vancouver Canucks
81%
8 Dallas Stars
80%
3 Los Angeles Kings
80%
18 Ottawa Senators
79%
5 Florida Panthers
78%
14 Las Vegas Golden Knights
78%
28 Minnesota Wild
78%
4 San Jose Sharks
78%
20 Buffalo Sabres
77%
21 Philadelphia Flyers
77%
2 Anaheim Ducks
76%
29 New York Islanders
76%
17 Tampa Bay Lightning
76%
10 Pittsburgh Penguins
75%
25 Winnipeg Jets
74%
12 Detroit Red Wings
73%
6 Calgary Flames
72%
26 Washington Capitals
69%
24 Chicago Blackhawks
68%
32 New Jersey Devils
67%
31 Saint Louis Blues
66%
7 Seattle Kraken
66%
16 Utah Mammoth
66%
27 Nashville Predators
60%
30 Columbus Blue Jackets
59%
Aucun quiz correspondant
Distribution des résultats
% des personnes avec chaque résultat
Percentile par nombre de réponses
Votre historique - résultats
Vous n’avez pas pris ce quiz